| 000 | 00684nam a22002537a 4500 | ||
|---|---|---|---|
| 003 | UA-OsUOA | ||
| 001 | 132659 | ||
| 007 | ta | ||
| 008 | 20180829b un ||||| |||| 00| 0 ukr d | ||
| 100 | _aГримич М. | ||
| 090 |
_a821.161.2 _bГ84 |
||
| 942 | _cBK | ||
| 040 |
_aUA-OsUOA _bukr _cUA-OsUOA _dUA-OsUOA |
||
| 245 |
_aМак червоний в росі... _bроман |
||
| 300 | _a192 с. | ||
| 955 | _a3 | ||
| 041 | _aukr | ||
| 080 | _a821.161.2 | ||
| 020 | _a978-966-8910-78-4 | ||
| 260 |
_aК. _bДуліби _c2016 |
||
| 250 | _n2-ге вид., переробл. | ||
| 650 | 7 |
_a82 Література. Літературознавство _2UDC |
|
| 999 |
_c421207 _d421207 |
||